| 000 | 00764nam a2200229Ia 4500 | ||
|---|---|---|---|
| 999 |
_c65198 _d65198 |
||
| 005 | 20240530110812.0 | ||
| 008 | 140319s2007 au a b 000 0 ara d | ||
| 017 |
_a2007/14371 _bمصر . دار الكتب |
||
| 020 | _a9774085396 | ||
| 040 |
_aGCL / _cGCL |
||
| 082 | 0 | 4 |
_221 _a791.43092 / _bأ ش |
| 100 | 0 | _aالفت عبدالكريم | |
| 245 | 1 | 0 |
_aشالرلى شابلن / _cالفت عبدالكريم |
| 250 | _aط.1 | ||
| 260 |
_aالقاهرة : _bدار الفاروق للنشر والتوزيع، _c2007 . |
||
| 300 |
_a87 ص. : _bايض. ؛ _c24 سم. |
||
| 600 | 0 | _aشارلى شابلن | |
| 650 | 0 | 7 |
_aالفنانون الانجليز _2qrmak |
| 651 | _2qrmak | ||
| 942 |
_2ddc _cBK |
||